Flaubert's parrot / (Record no. 3977)

000 -LEADER
fixed length control field nam a22 a 4500
003 - CONTROL NUMBER IDENTIFIER
control field AKMAL
005 - DATE AND TIME OF LATEST TRANSACTION
control field 20170524142554.0
008 - FIXED-LENGTH DATA ELEMENTS--GENERAL INFORMATION
fixed length control field 170524t1985 nyu 00 eng d
020 ## - INTERNATIONAL STANDARD BOOK NUMBER
International Standard Book Number 0070037485
040 ## - CATALOGING SOURCE
Original cataloging agency AKMAL
Transcribing agency AKMAL
082 04 - DEWEY DECIMAL CLASSIFICATION NUMBER
Classification number 823.914 BAR
090 ## - LOCALLY ASSIGNED LC-TYPE CALL NUMBER (OCLC); LOCAL CALL NUMBER (RLIN)
Classification number (OCLC) (R) ; Classification number, CALL (RLIN) (NR) BAR
100 1# - MAIN ENTRY--PERSONAL NAME
Personal name Barnes, Julian
9 (RLIN) 7805
245 10 - TITLE STATEMENT
Title Flaubert's parrot /
Statement of responsibility, etc. Julian Barnes
250 ## - EDITION STATEMENT
Edition statement 1st ed.
260 ## - PUBLICATION, DISTRIBUTION, ETC.
Place of publication, distribution, etc. New York :
Name of publisher, distributor, etc. McGraw-Hill,
Date of publication, distribution, etc. 1985
300 00 - PHYSICAL DESCRIPTION
Extent 216p. ;
Dimensions 18cm
600 00 - SUBJECT ADDED ENTRY--PERSONAL NAME
Personal name Flaubert, Gustave
General subdivision Appreciation
-- Fiction, etc
Chronological subdivision 1821-1880
9 (RLIN) 7806
650 #0 - SUBJECT ADDED ENTRY--TOPICAL TERM
Topical term or geographic name entry element Literary historians
Form subdivision Fiction
9 (RLIN) 7807
650 #0 - SUBJECT ADDED ENTRY--TOPICAL TERM
Topical term or geographic name entry element Biographers
General subdivision Fiction
9 (RLIN) 7808
651 #0 - SUBJECT ADDED ENTRY--GEOGRAPHIC NAME
Geographic name France
Form subdivision Fiction
9 (RLIN) 7809
942 ## - ADDED ENTRY ELEMENTS (KOHA)
Source of classification or shelving scheme
Koha item type Book
Holdings
Withdrawn status Lost status Source of classification or shelving scheme Damaged status Not for loan Collection code Home library Current library Shelving location Date acquired Inventory number Full call number Barcode Date last seen Price effective from Koha item type Public note
          FICTION AKMAL Melaka AKMAL Melaka PINJAMAN 24.05.2017 800314 823.914 BAR 201705177 24.05.2017 24.05.2017 Book Dilupuskan. No. Fail. ARKIBMLK.600-6/9/1 Jld.8 ( )
Pusat Sumber Maklumat Dato' Haji Sarmin Md Hussin, Akademi Kastam Diraja Malaysia, Melaka
Tel: 06-2331106 | Faks: 06-2313787